| 000 | 00599nam a2200217 a 4500 | ||
|---|---|---|---|
| 001 | 52842 | ||
| 003 | BD-RjUL | ||
| 005 | 20211209075852.0 | ||
| 008 | 160927s1962 enk 000 0 eng d | ||
| 035 | _a(BD-RjUL)52962 | ||
| 040 |
_aEQO _cEQO _beng _dBD-RjUL |
||
| 041 | _aeng | ||
| 082 |
_a516.24 _bATS 1962 |
||
| 100 | 1 |
_aAttwood, C. _q(Charles) _9158013 |
|
| 245 | 1 | 0 |
_aSix-figure trigonometrical tables and formulae / _cC. Attwood |
| 250 | _a4th rev ed. | ||
| 260 |
_aLondon : _bPergamon Press, _c1962 |
||
| 300 |
_a67 p. ; _c16 cm. |
||
| 650 |
_aTrigonometry _xTables _9158014 |
||
| 942 |
_2ddc _cBK |
||
| 999 |
_c52842 _d52842 |
||